Catálogo público

Small cattle: (Record no. 218644)

MARC details
000 -CABECERA
campo de control de longitud fija 03140nam a2200337 a 4500
003 - IDENTIFICADOR DEL NÚMERO DE CONTROL
campo de control CHAP
005 - FECHA Y HORA DE LA ÚLTIMA TRANSACCIÓN
campo de control 20250210092436.0
007 - CAMPO FIJO DE DESCRIPCIÓN FÍSICA--INFORMACIÓN GENERAL
campo de control de longitud fija ta
008 - DATOS DE LONGITUD FIJA--INFORMACIÓN GENERAL
campo de control de longitud fija 230427t2016 at ao||fr|||| 001 0 eng d
020 ## - NÚMERO INTERNACIONAL ESTÁNDAR DEL LIBRO
Número Internacional Estándar del Libro 978-1486301867
040 ## - FUENTE DE LA CATALOGACIÓN
Centro catalogador/agencia de origen Z
Centro/agencia transcriptor CHAP
Normas de descripción rda
041 0# - CÓDIGO DE LENGUA
Código de lengua del sumario o resumen Inglés
Código de lengua de la tabla de contenido Inglés
082 00 - NÚMERO DE LA CLASIFICACIÓN DECIMAL DEWEY
Número de clasificación 636.2130994
Número de documento/Ítem H39 2016
Número de edición 20
100 1# - ENTRADA PRINCIPAL--NOMBRE DE PERSONA
9 (RLIN) 186977
Nombre de persona Hayes, Margo
Término indicativo de función/relación autor
245 10 - MENCIÓN DE TÍTULO
Título Small cattle:
Resto del título for small farms /
Mención de responsabilidad, etc. Margo Hayes
250 ## - MENCIÓN DE EDICIÓN
Mención de edición Segunda edición
264 #1 - PRODUCCIÓN, PUBLICACIÓN, DISTRIBUCIÓN, FABRICACIÓN Y COPYRIGHT
Producción, publicación, distribución, fabricación y copyright Clayton South, Australia:
Nombre del de productor, editor, distribuidor, fabricante CSIRO,
Fecha de producción, publicación, distribución, fabricación o copyright c2016.
300 ## - DESCRIPCIÓN FÍSICA
Extensión ix, 235 páginas:
Otras características físicas ilustraciones, fotos, gráficas, tablas.
336 ## - TIPO DE CONTENIDO
Fuente rdacontent
Término de tipo de contenido texto
Código de tipo de contenido txt
337 ## - TIPO DE MEDIO
Fuente rdamedia
Nombre/término del tipo de medio sin medio
Código del tipo de medio n
338 ## - TIPO DE SOPORTE
Fuente rdacarrier
Nombre/término del tipo de soporte volumen
Código del tipo de soporte nc
500 ## - NOTA GENERAL
Nota general ej.1 - ej.3: consumo
505 0# - NOTA DE CONTENIDO CON FORMATO
Nota de contenido con formato Acknowledgements -- Introduction -- 1. Time for a tree change -- 2. Benefits of smaller cattle -- 3. Production systems: Stud or commercial -- 4. Selecting a breed -- 5. Selecting stock -- 6. Selecting genetics -- <br/>7. Infrastructure required -- 8. Basic cattle husbandry -- <br/>9. Methods of identification -- 10. Breeding systems -- 11. Nutrition -- 12. Healthy soils, healthy pastures, healthy cattle -- 13. Showing -- 14. Being a player in the beef industry -- 15. Marketing -- 16. Useful equipment in small farms -- 17. Government regulations and laws -- Glossary -- Cattle organisations -- Further information -- Endnotes -- Index.<br/><br/>
520 ## - SUMARIO, ETC.
Sumario, etc. Small cattle breeds are manageable to control and care for and perfect for lifestyle blocks and small farms. They can be bred commercially for beef but their docile temperaments and small size also make them especially suitable for hobby farms. As more people have turned to the country for a 'tree change', interest in these breeds has grown tremendously.<br/><br/>In this new edition of her popular book Small Cattle for Small Farms, award-winning cattle breeder Margo Hayes provides practical and easy-to-understand information for people interested in keeping small cattle for a range of reasons. The book assumes no prior experience with cattle and covers all the basics to help you set up an enjoyable and viable small farm, including: types of cattle and production systems available, how to select your stock, explanations of equipment required and basic cattle husbandry. It contains simple explanatory diagrams and photographs to make new concepts clear.<br/><br/>With new and expanded sections on small cattle breeds, genetics and breeding systems, this second edition competently addresses questions asked by those entering small farming for the first time while providing a solid reference for those already in the industry. Detailed guidelines for raising healthy cattle through good nutrition, land management and herd monitoring are provided, in addition to tips for showing and marketing your cattle and up-to-date government requirements for land and stockowners.
650 13 - PUNTO DE ACCESO ADICIONAL DE MATERIA--TÉRMINO DE MATERIA
Término de materia o nombre geográfico como elemento de entrada Ganado bovino
9 (RLIN) 138033
Subdivisión geográfica Australia
650 13 - PUNTO DE ACCESO ADICIONAL DE MATERIA--TÉRMINO DE MATERIA
Término de materia o nombre geográfico como elemento de entrada Ganado de carne
9 (RLIN) 45067
Subdivisión geográfica Australia
650 #0 - PUNTO DE ACCESO ADICIONAL DE MATERIA--TÉRMINO DE MATERIA
9 (RLIN) 186972
Término de materia o nombre geográfico como elemento de entrada Razas de ganado
Subdivisión geográfica Australia
650 13 - PUNTO DE ACCESO ADICIONAL DE MATERIA--TÉRMINO DE MATERIA
Término de materia o nombre geográfico como elemento de entrada Ganado alternativo
9 (RLIN) 146764
650 13 - PUNTO DE ACCESO ADICIONAL DE MATERIA--TÉRMINO DE MATERIA
Término de materia o nombre geográfico como elemento de entrada Granjas pequeñas
9 (RLIN) 190088
942 ## - ELEMENTOS DE PUNTO DE ACCESO ADICIONAL (KOHA)
Fuente del sistema de clasificación o colocación Dewey Decimal Classification
Tipo de ítem Koha Libro
Holdings
Estado de retiro Estado de pérdida Fuente del sistema de clasificación o colocación Estado dañado Restricciones de uso No para préstamo Código de colección Localización permanente Ubicación/localización actual Fecha de adquisición Fuente de adquisición Número de inventario Total de préstamos Signatura topográfica completa Código de barras Fecha visto por última vez Número de copia Precio válido a partir de Tipo de ítem Koha
    Dewey Decimal Classification   Préstamo interno   General Zootecnia Zootecnia 08/11/2022 Compra Libreria UACh No. 40360 Consumo   636.2130994 H39 2016 5102007523 08/05/2023 Ej.1 08/05/2023 Libro
    Dewey Decimal Classification   Préstamo interno   General Zootecnia Zootecnia 08/11/2022 Compra Libreria UACh No. 40360 Consumo   636.2130994 H39 2016 5102007524 28/01/2025 Ej.2 28/01/2025 Libro
    Dewey Decimal Classification   Préstamo interno   General Zootecnia Zootecnia 08/11/2022 Compra Libreria UACh No. 40360 Consumo   636.2130994 H39 2016 5102007525 28/01/2025 Ej.3 28/01/2025 Libro